Datum a čas kvízu
30
Celkem bodů
Celkový počet nahraných bodů na tomto kvízu bez doplňovacích otázek.
2.
Pořadí na kvízu
Konečné umístění týmu na tomto kvízu.
Zaznamenané odpovědi
| # | Otázka | Odpověď | Body | Výsledky |
|---|---|---|---|---|
| 1. | Občanská demokratická strana z... | 1 | ||
| 2. | Řezníci v jisté evropské zemi... | 0 | ||
| 3. | Slavnostním pochodem v histori... | 0 | ||
| 4. | Český premiér při rozhovoru pr... | 0 | ||
| 5. | Čeští lékaři vyzvali po vzoru... | 0 | ||
| 6. | Předminulý týden (21. června)... | 1 | ||
| 7. | První červencový týden tradičn... | 1 | ||
| 8. | Oblíbenou letní událostí jsou... | 0 | ||
| 9. | Jak se jmenuje hudební skupina... | 0.5 | ||
| 10. | Začátek léta má řada sportovní... | 1 |